| 000 | 01007nam a2200253 a 4500 | ||
|---|---|---|---|
| 008 | 120416s1991 ||||||||||||||||| || u | ||
| 020 | _a1555422187 | ||
| 050 | _aHD 57.7 Koe | ||
| 100 | _aKoestenbaum, Peter, 1928- | ||
| 245 | 1 | 0 | _aLeadership |
| 246 | _athe inner side of greatness, a philosophy for leaders | ||
| 250 | _a1st ed. | ||
| 260 |
_aSan Francisco _bJossey-Bass Publishers _c1991 |
||
| 300 | _axvii, 369p. : ill | ||
| 350 | _a0.00 | ||
| 490 | _aThe Jossey-Bass management series | ||
| 500 | _aIncludes bibliographical references (p. 353-355) and index. | ||
| 650 | 0 | _aLEADERSHIP | |
| 650 | 0 | _aBUSINESS | |
| 856 | _uhttp://www.loc.gov/catdir/toc/wiley022/90050858.html | ||
| 856 | _uhttp://www.loc.gov/catdir/enhancements/fy0607/90050858-d.html | ||
| 856 | _uhttp://www.loc.gov/catdir/enhancements/fy0607/90050858-b.html | ||
| 995 |
_D0.00 _FCBU-MAIN LIBRARY (Kitwe) _H1 _I29.95 _M1 _UAVAILABLE _ZMain Library Open Access Collection |
||
| 999 |
_c48975 _d48975 |
||